FNAF Animatronics - Statistics

General Stats
  • This quiz has been taken 94 times
    80 since last reset
  • The average score is 64 of 176
Answer Stats
Game/book Animatronic % Correct
FNAF 1 Freddy
97%
Bonnie
95%
Chica
95%
Foxy
95%
Golden Freddy
95%
Balloon Boy
84%
Toy Chica
84%
Mangle
82%
Toy Bonnie
82%
FNAF 2 Toy Freddy
82%
Withered Bonnie
79%
Withered Chica
79%
Withered Foxy
79%
Withered Freddy
79%
Nightmare
76%
Nightmare Bonnie
76%
Nightmare Chica
76%
Nightmare Foxy
76%
FNAF 4 Nightmare Freddy
76%
Puppet
76%
FNAF 3 Springtrap
76%
Shadow Freddy
74%
Ballora
71%
FNAF: Sister Location Circus Baby
71%
Funtime Freddy
71%
Shadow Bonnie
71%
Funtime Foxy
68%
Phantom Chica
68%
Phantom Foxy
68%
Phantom Freddy
68%
Withered Golden Freddy
68%
Cupcake
66%
Nightmare Mangle
66%
Phantom Balloon Boy
66%
Phantom Puppet
63%
JJ
61%
Nightmare Balloon Boy
61%
Nightmare Fredbear
61%
Phantom Mangle
61%
Plushtrap
61%
Funtime Chica
58%
Jack-O-Bonnie
58%
Jack-O-Chica
58%
Nightmarionne
58%
Bon-Bon
55%
Endo-01
55%
Ennard
55%
Endo-02
53%
Lefty
53%
Minireena
53%
Nightmare Cupcake
53%
Scrap Baby
53%
Bidybab
50%
Freddles
50%
Glamrock Chica
50%
FNAF: Security Breach Glamrock Freddy
50%
Scraptrap
50%
Bonnet
47%
Lolbit
47%
Roxanne Wolf
47%
Electrobab
45%
Fredbear
42%
Helpy
42%
Molten Freddy
42%
Phone Guy
42%
Rockstar Bonnie
42%
Rockstar Chica
42%
Rockstar Foxy
42%
FNAF: Pizza Simulator Rockstar Freddy
42%
Yenndo
42%
Happy Frog
39%
Montgomery Gator
39%
Moon
39%
Pigpatch
39%
Sun
39%
Dee-Dee
37%
El Chip
37%
FNAF: Help Wanted Glitchtrap
37%
Spring Bonnie
37%
Toy Cupcake
37%
Burntrap
34%
DJ Music Man
34%
Mr. Hippo
34%
Music Man
34%
Ned Bear
34%
Mimic
32%
Monty
32%
FNAF: Ultimate Custom Night Old Man Consequences
32%
Orville Elephant
32%
Prize King
32%
Candy Cadet
29%
Fruit Punch Clown
29%
Glamrock Bonnie
29%
Lemonade Clown
29%
The Blob
29%
Twisted Bonnie
29%
Twisted Chica
29%
Twisted Foxy
29%
FNAF: The Twisted Ones Twisted Freddy
29%
XOR
29%
Dreadbear
26%
Map Bot
26%
Mr. Can-Do
26%
Mr. Hugs
26%
Pan Stan
26%
Paper Pals
26%
Phantom Cupcake
26%
Security Puppet
26%
FNAF: Fetch Fetch
24%
Jack-O-Lanter
24%
No. 1 Crate
24%
Twisted Wolf
24%
FNAF: Blackbird Blackbird
21%
Bucket Bob
21%
Egg Baby
21%
FNAF: Felix the Shark Felix
21%
FNAF: Lally's Game Lally
21%
Mini Music Man
21%
FNAF: B-27 B-27
18%
Glamrock Endo
18%
FNAF: Help Wanted 2 Mystic Hippo
18%
FNAF: Nexie Nexie
18%
Ella
16%
Grim Foxy
16%
FNAF: HAPPS HAPPS
16%
FNAF: Secrets of the Mimic Jackie
16%
MXES
16%
Nightmare Endo
16%
Ruined Glamrock Chica
16%
Ruined Glamrock Freddy
16%
Ruined Montgomery Gator
16%
Ruined Roxanne Wolf
16%
Security Bot
16%
Gumball Swivelhands
13%
Carnie
11%
Eleanor
11%
Golden Cupcake
11%
Nurse Dollie
11%
Prototype
11%
Stanley
11%
Theodore
11%
Amalgamation
8%
Big Top
8%
Daycare Attendant
8%
FNAF: Bunny Call Golden Bonnie
8%
Jack-O-Moon
8%
Lonely Freddy
8%
Mop Bot
8%
Neon Jukebox
8%
Sharpay
8%
The Elephant
8%
FNAF: Into The Pit Yellow Rabbit
8%
FNAF: The Fourth Closet Baby Crawlers
5%
Birthday Puppy
5%
Hedgehog Hudgie
5%
Lyrical Lemur
5%
Mycellium Men
5%
Party time Chica
5%
Penguin
5%
Sleepy Moon
5%
Swing Bee
5%
The Lion
5%
White Tiger
5%
Bub
3%
Buddytronicas
3%
Bunny Toys
3%
Clean Bot
3%
Digi-Typer
3%
FNAF: Step Closer Freddy Mask Animatronic
3%
Head Chef Bot
3%
Mr. Helpful
3%
Mrs. Helpful
3%
Pirate Captain
3%
R.A.S.C.
3%
Twisted Animatronic
3%
Cassie's Mask Bot
0%
No matching quizzes found
Score Distribution
Percent of People with Each Score
Percentile by Number Answered
Your Score History
You have not taken this quiz since the last reset